Špedičné služby: široká škála činností

Pojem špedičná služba. Päť základných typov prepravy. Outsourcing v špedičných službách.

Enregistré dans:
Détails bibliographiques
Auteur principal: Oravec, Jozef
Format: Chapitre de livre
Langue:slovaque
Sujets:
Tags: Ajouter un tag
Pas de tags, Soyez le premier à ajouter un tag!

MARC

LEADER 00000naa a2200000 4500
001 0217228
005 20231011074011.7
041 0 |a slo 
044 |a SK 
245 1 0 |a Špedičné služby: široká škála činností  |c Jozef Oravec 
520 |a Pojem špedičná služba. Päť základných typov prepravy. Outsourcing v špedičných službách. 
610 2 0 |a služby dopravné 
610 2 0 |a zasielateľstvo 
610 2 0 |a preprava 
610 2 0 |a služby logistické 
610 2 0 |a outsourcing 
100 1 |a Oravec, Jozef